Web-Based Management System for Municipal Social Welfare and Development Office of Malalag with GIS Mapping and Decision Support Using Decision Matrix Analysis/ (Record no. 14104)
[ view plain ]
| 000 -LEADER | |
|---|---|
| fixed length control field | 00760nam a22001697a 4500 |
| 008 - FIXED-LENGTH DATA ELEMENTS--GENERAL INFORMATION | |
| fixed length control field | 190802b ||||| |||| 00| 0 eng d |
| 082 ## - DEWEY DECIMAL CLASSIFICATION NUMBER | |
| Edition number | 2019 |
| Classification number | UT 1337 |
| Item number | R61 |
| 100 ## - MAIN ENTRY--PERSONAL NAME | |
| Personal name | De Roda Jr., Rudyard R. |
| 9 (RLIN) | 39135 |
| 245 ## - TITLE STATEMENT | |
| Title | Web-Based Management System for Municipal Social Welfare and Development Office of Malalag with GIS Mapping and Decision Support Using Decision Matrix Analysis/ |
| Statement of responsibility, etc. | Rudyard R. De Roda Jr., Jay Kaiser A. Arellano and Cyril M. Cirilo |
| 260 ## - PUBLICATION, DISTRIBUTION, ETC. (IMPRINT) | |
| Place of publication, distribution, etc. | Digos City |
| Name of publisher, distributor, etc. | UMDC |
| Date of publication, distribution, etc. | April 2019 |
| 300 ## - PHYSICAL DESCRIPTION | |
| Extent | 32 pages |
| Other physical details | 30 cm |
| 650 ## - SUBJECT ADDED ENTRY--TOPICAL TERM | |
| Topical term or geographic name as entry element | Bachelor of Science |
| Form subdivision | -Information Technology |
| General subdivision | Undergraduate Thesis |
| 9 (RLIN) | 38973 |
| 700 ## - ADDED ENTRY--PERSONAL NAME | |
| Personal name | De Roda Jr., Rudyard R. |
| 9 (RLIN) | 39135 |
| 700 ## - ADDED ENTRY--PERSONAL NAME | |
| Personal name | Arellano, Jay Kaiser A. |
| 9 (RLIN) | 39136 |
| 700 ## - ADDED ENTRY--PERSONAL NAME | |
| Personal name | Cirilo, Cyril M. |
| 9 (RLIN) | 39137 |
| 942 ## - ADDED ENTRY ELEMENTS (KOHA) | |
| Source of classification or shelving scheme | Dewey Decimal Classification |
| Koha item type | Undergraduate Thesis |
| Withdrawn status | Lost status | Source of classification or shelving scheme | Damaged status | Not for loan | Collection code | Home library | Current library | Date acquired | Total Checkouts | Full call number | Barcode | Date last seen | Price effective from | Koha item type |
|---|---|---|---|---|---|---|---|---|---|---|---|---|---|---|
| Dewey Decimal Classification | Undergraduate Theses | UM Digos College - LIC | UM Digos College - LIC | 07/29/2019 | UT 1337 R61 2019 | UT 1337 | 08/02/2019 | 08/02/2019 | Undergraduate Thesis |
